| 000 | 00579nam a22002177a 4500 | ||
|---|---|---|---|
| 003 | BUBTL | ||
| 008 | 210318b xxu||||| |||| 00| 0 eng d | ||
| 020 | _a0-04-3200184 | ||
| 082 | _a320/LAG | ||
| 100 |
_aLaski, Harold J. _94061 |
||
| 245 |
_aA Grammar of Politics _bHarold J. Laski |
||
| 250 | _a3rd | ||
| 260 |
_aNew Delhi _bS. Chand & Company _cc1992 |
||
| 300 |
_a[xxvii], 672p . : _b21cm. |
||
| 500 | _aIncludes Index | ||
| 650 |
_aLaw _94062 |
||
| 700 |
_aHarold J. Laski _94063 |
||
| 856 |
_k0 _l0 _yDownload |
||
| 942 |
_2ddc _cBK |
||
| 999 |
_c6490 _d6490 |
||